<?xml version="1.0" encoding="UTF-8"?>
<record
    xmlns:xsi="http://www.w3.org/2001/XMLSchema-instance"
    xsi:schemaLocation="http://www.loc.gov/MARC21/slim http://www.loc.gov/standards/marcxml/schema/MARC21slim.xsd"
    xmlns="http://www.loc.gov/MARC21/slim">

  <leader>00899nam a22002417a 4500</leader>
  <controlfield tag="001">80782</controlfield>
  <controlfield tag="003">BD-RjUL</controlfield>
  <controlfield tag="005">20230620120755.0</controlfield>
  <controlfield tag="008">221115s2004    bg a|||| m||| 00| 0 eng d</controlfield>
  <datafield tag="035" ind1=" " ind2=" ">
    <subfield code="a">(BD-RjUL)80782</subfield>
  </datafield>
  <datafield tag="040" ind1=" " ind2=" ">
    <subfield code="a">BD-RjUL</subfield>
    <subfield code="b">eng</subfield>
    <subfield code="c">BD-RjUL</subfield>
    <subfield code="d">BD-RjUL</subfield>
  </datafield>
  <datafield tag="041" ind1=" " ind2=" ">
    <subfield code="a">eng</subfield>
  </datafield>
  <datafield tag="082" ind1=" " ind2=" ">
    <subfield code="2">23</subfield>
    <subfield code="a">591.53</subfield>
    <subfield code="b">RAB 2004</subfield>
  </datafield>
  <datafield tag="100" ind1=" " ind2=" ">
    <subfield code="a">Rahman, Farhana</subfield>
    <subfield code="9">5857</subfield>
  </datafield>
  <datafield tag="245" ind1="1" ind2="0">
    <subfield code="a">Biology of the parasitoids and predators of tribolium Spp. (Coleoptera :</subfield>
    <subfield code="b">Tenebrionidae) /</subfield>
    <subfield code="c">by Farhana Rahman ;</subfield>
    <subfield code="6">Supervisor : Md. Wahedul Islam</subfield>
  </datafield>
  <datafield tag="260" ind1=" " ind2=" ">
    <subfield code="a">Rajshahi :</subfield>
    <subfield code="b">Institute of Biological Sciences, Rajshahi University,</subfield>
    <subfield code="c">2004</subfield>
  </datafield>
  <datafield tag="300" ind1=" " ind2=" ">
    <subfield code="a">iv, 129 leaves :</subfield>
    <subfield code="b">ill, ;</subfield>
    <subfield code="c">29.cm.</subfield>
  </datafield>
  <datafield tag="502" ind1=" " ind2=" ">
    <subfield code="a">Thesis (M. Phil.) -- Institute of Biological Sciences, Rajshahi University, 2004</subfield>
  </datafield>
  <datafield tag="504" ind1=" " ind2=" ">
    <subfield code="a">References : Leaves 91 - 120</subfield>
  </datafield>
  <datafield tag="650" ind1=" " ind2=" ">
    <subfield code="a">Predation</subfield>
    <subfield code="9">5858</subfield>
  </datafield>
  <datafield tag="700" ind1=" " ind2=" ">
    <subfield code="a">Islam, Md. Wahedul, Supervisor </subfield>
    <subfield code="9">3105</subfield>
  </datafield>
  <datafield tag="942" ind1=" " ind2=" ">
    <subfield code="2">ddc</subfield>
    <subfield code="c">THE</subfield>
  </datafield>
  <datafield tag="999" ind1=" " ind2=" ">
    <subfield code="c">80782</subfield>
    <subfield code="d">80782</subfield>
  </datafield>
  <datafield tag="952" ind1=" " ind2=" ">
    <subfield code="1">0</subfield>
    <subfield code="2">ddc</subfield>
    <subfield code="4">0</subfield>
    <subfield code="7">1</subfield>
    <subfield code="8">THESES</subfield>
    <subfield code="a">RUCL</subfield>
    <subfield code="b">RUCL</subfield>
    <subfield code="c">Doc/The</subfield>
    <subfield code="d">2004-07-07</subfield>
    <subfield code="e">Controller of Exam. R.U.</subfield>
    <subfield code="l">0</subfield>
    <subfield code="o">THE 591.53 RAB 2004</subfield>
    <subfield code="p">D2281</subfield>
    <subfield code="r">2022-11-15 00:00:00</subfield>
    <subfield code="t">C-1</subfield>
    <subfield code="y">THE</subfield>
  </datafield>
</record>
